El sentido común en la economía colombiana / (Registro nro. 6763)
[ vista simple ]
| 000 -LEADER | |
|---|---|
| fixed length control field | 01064nam a2200241Ia 4500 |
| 003 - CONTROL NUMBER IDENTIFIER | |
| control field | OSt |
| 005 - DATE AND TIME OF LATEST TRANSACTION | |
| control field | 20200715155727.0 |
| 008 - FIXED-LENGTH DATA ELEMENTS--GENERAL INFORMATION | |
| fixed length control field | 191128s1962 ck a gr 000 0 spa d |
| 020 ## - INTERNATIONAL STANDARD BOOK NUMBER | |
| International Standard Book Number | 9589613799 |
| 040 ## - CATALOGING SOURCE | |
| Original cataloging agency | CO-JMCR |
| Transcribing agency | CO-JMCR |
| 041 0# - LANGUAGE CODE | |
| Language code of text/sound track or separate title | spa |
| 082 04 - DEWEY DECIMAL CLASSIFICATION NUMBER | |
| Classification number | 330.9861 / |
| Item number | E182s |
| Edition number | 23 |
| 100 1# - MAIN ENTRY--PERSONAL NAME | |
| Personal name | Echavarría Olózaga, Hernán, |
| Dates associated with a name | 1911-2006, |
| Relator term | autor |
| 9 (RLIN) | 7303 |
| 245 10 - TITLE STATEMENT | |
| Title | El sentido común en la economía colombiana / |
| Statement of responsibility, etc. | Hernán Echavarría Olózoga |
| 250 ## - EDITION STATEMENT | |
| Edition statement | Séptima edición |
| 260 ## - PUBLICATION, DISTRIBUTION, ETC. | |
| Place of publication, distribution, etc. | Bogotá : |
| Name of publisher, distributor, etc. | 3R editores : Panamericana, |
| Date of publication, distribution, etc. | 2003. |
| 300 ## - PHYSICAL DESCRIPTION | |
| Extent | xii, 247 páginas : |
| Other physical details | Ilustraciones en blanco y negro ; |
| Dimensions | 24 cm. |
| 500 ## - GENERAL NOTE | |
| General note | Incluye datos biográficos del autor en la caratula.<br/> |
| 505 0# - FORMATTED CONTENTS NOTE | |
| Formatted contents note | Organización de la producción -- Formación de la renta nacional -- Distribución de la capacidad productora -- Los mercados y el poder de compra -- Comercio exterior -- Los impuestos -- Elementos de desarrollo económico<br/> |
| 650 14 - SUBJECT ADDED ENTRY--TOPICAL TERM | |
| Topical term or geographic name entry element | Condiciones económicas |
| Geographic subdivision | Colombia |
| 9 (RLIN) | 6839 |
| 650 14 - SUBJECT ADDED ENTRY--TOPICAL TERM | |
| Topical term or geographic name entry element | Política económica |
| Geographic subdivision | Colombia |
| 9 (RLIN) | 6845 |
| 942 ## - ADDED ENTRY ELEMENTS (KOHA) | |
| Source of classification or shelving scheme | Dewey Decimal Classification |
| Koha item type | Books |
| Withdrawn status | Lost status | Source of classification or shelving scheme | Damaged status | Not for loan | Home library | Current library | Shelving location | Date acquired | Source of acquisition | Total Checkouts | Full call number | Barcode | Date last seen | Copy number | Price effective from | Koha item type |
|---|---|---|---|---|---|---|---|---|---|---|---|---|---|---|---|---|
| Dewey Decimal Classification | Biblioteca Pública José María del Castillo y Rada | Biblioteca Pública José María del Castillo y Rada | General Stacks | 04/15/2018 | Donación | 330.9861 / E182s | 430002217 | 05/16/2024 | Ej.2 | 04/15/2018 | Books | |||||
| Dewey Decimal Classification | Biblioteca Pública José María del Castillo y Rada | Biblioteca Pública José María del Castillo y Rada | General Stacks | 04/15/2018 | Donación | 330.9861 / E182s3 | 430002216 | 05/16/2024 | Ej.1 | 04/15/2018 | Books |